ক্ষীয়মাণ মৃত্তিকার রস / (Record no. 53612)
[ view plain ]
| 000 -LEADER | |
|---|---|
| fixed length control field | 00788nam a2200229 a 4500 |
| 001 - CONTROL NUMBER | |
| control field | 53612 |
| 003 - CONTROL NUMBER IDENTIFIER | |
| rucl marc code | BD-RjUL |
| 005 - DATE AND TIME OF LATEST TRANSACTION | |
| control field | 20211209080006.0 |
| 008 - FIXED-LENGTH DATA ELEMENTS--GENERAL INFORMATION | |
| fixed length control field | 161018s2002 ii ||||| |||| 00| 0 ben d |
| 020 ## - INTERNATIONAL STANDARD BOOK NUMBER | |
| Terms of availability | : IRs 60.00 |
| 035 ## - SYSTEM CONTROL NUMBER | |
| System control number | (BD-RjUL)53734 |
| 040 ## - CATALOGING SOURCE | |
| Original cataloging agency | BD-RjUL |
| Language of cataloging | ben |
| Transcribing agency | BD-RjUL |
| 041 ## - LANGUAGE CODE | |
| Language code of text/sound track or separate title | ben |
| 082 ## - DEWEY DECIMAL CLASSIFICATION NUMBER | |
| Edition number | 23 |
| Classification number | 398.09 |
| Author mark and year | MAK 2002 |
| 100 ## - MAIN ENTRY--PERSONAL NAME | |
| Personal name | মৈত্র, অলোক |
| 9 (RLIN) | 160221 |
| 245 10 - TITLE STATEMENT | |
| Title | ক্ষীয়মাণ মৃত্তিকার রস / |
| Statement of responsibility, etc. | অলোক মৈত্র |
| 260 ## - PUBLICATION, DISTRIBUTION, ETC. (IMPRINT) | |
| Place of publication, distribution, etc. | কলকাতা : |
| Name of publisher, distributor, etc. | পুস্তক বিপণি, |
| Date of publication, distribution, etc. | ২০০২ |
| 300 ## - PHYSICAL DESCRIPTION | |
| Pagination | ১২৪ পৃ. ; |
| Size | ২১ সেমি. |
| 650 ## - SUBJECT ADDED ENTRY--TOPICAL TERM | |
| Topical term or geographic name as entry element | ফোকলোর |
| General subdivision | ইতিহাস |
| 9 (RLIN) | 120361 |
| Topical term or geographic name as entry element | Folklore |
| General subdivision | History |
| 9 (RLIN) | 160222 |
| 942 ## - ADDED ENTRY ELEMENTS (KOHA) | |
| Source of classification or shelving scheme | Dewey Decimal Classification |
| Koha item type | Books |
| Lost status | Source of classification or shelving scheme | Damaged status | Not for loan | Collection code | Permanent Location | Current Location | Shelving location | Date acquired | Source of acquisition | Cost, normal purchase price | Total Checkouts | Full call number | Date last seen | Copy number | Koha item type |
|---|---|---|---|---|---|---|---|---|---|---|---|---|---|---|---|
| Dewey Decimal Classification | Non-fiction | Central Library, University of Rajshahi | Central Library, University of Rajshahi | 21/01/2008 | Paragon Enterprises Dhaka | 60.00 | B 398.09 MAK 2002 | 18/10/2016 | C-2 | Books | |||||
| Dewey Decimal Classification | Non-fiction | Central Library, University of Rajshahi | Central Library, University of Rajshahi | 21/01/2008 | Paragon Enterprises Dhaka | 60.00 | B 398.09 MAK 2002 | 18/10/2016 | C-3 | Books |